000 00823nam a22002177a 4500
999 _c61841
_d61841
005 20240524153513.0
008 240524s2007 enk||||| |||| 00| 0 eng d
020 _a9780443069307x
041 _aeng
080 _a618 G-11
100 _aGabbe, Steven G.
_922177
245 _aObstetrics:
_bNormal and Problem Pregnancies /
_cSteven G. Gabbe, Jennifer R. Niebyl, Joe Leigh Simpson.
250 _a5 edition
264 _aPhiladelphia :
_bChurchill Livingstone,
_c2007.
300 _a1391 p.:
_bill.;
_c29 cm.
653 _aმეანობა: ნორმალური და პრობლემური ორსულობა
653 _aმედიცინა
700 _aNiebyl, Jennifer R.
_eავტორი
_922178
700 _aSimpson, Joe Leigh
_eავტორი
_922179
942 _2udc
_cBK